| 000 | 00457nam a22001577a 4500 | ||
|---|---|---|---|
| 003 | OSt | ||
| 005 | 20240419114807.0 | ||
| 008 | 240419b |||||||| |||| 00| 0 eng d | ||
| 040 | _cMRSPTU | ||
| 100 | _aSubhash (ਸੁਭਾਸ਼) | ||
| 245 | _aThaggi Da Sadan Jotish Vidya (ਠੱਗਾ ਦਾ ਸਾਧਨ ਜੋਤਿਸ਼ ਵਿੱਦਿਆ) | ||
| 250 | _a1st | ||
| 260 |
_aPunjab _bTarkbharti Parkashan _c1999 |
||
| 300 | _a134 | ||
| 942 |
_2ddc _cBK _n0 |
||
| 999 |
_c10110 _d10110 |
||